000 00212nam a22000857a 4500
008 161125b xxu||||| |||| 00| 0 eng d
100 _91414
_aClutterbuck.P.
245 _aGrammar Practices-1-2
260 _aUSA
_bTCR
_c2011
999 _c4131
_d4131